000 00437cam a2200181ua 4500
020 _c1.00
041 _amal
_h
082 _a894.812301
_bSAN/JA
100 _aSankaran, Thayattu .
245 _aJananavum maranavum /
_cThayattu Sankaran.
_hTextual Documents
250 _a1 /
_b.
260 _aCalicut :
_bP K Brothers ,
_c1955.
300 _a95 ; .
365 _a1.00
504 _a
942 _cBK
999 _c12623
_d12623